Jak zhodnotit kapitál. Rozhovor s RNDr. Jiřím Burešem, vědeckým pracovníkem Ekonomického ústavu ČSAV, může být částečně i návodem jak podnikat ve velké privatizaci.

Využitie teórie a postupov investičného managementu v podnikateľskej a investičnej aktivite v procese privatizácie, ako postupovať pri tvorbe podnikateľského zámeru, ako optimálne investovať. Základné prístupy teórie investičného managementu, ktoré možno využiť ako myšlienkové schémy: čistý preveden...

Ausführliche Beschreibung

Gespeichert in:
Bibliographische Detailangaben
1. Verfasser: Bureš, J.
Weitere Verfasser: Bautzová, Libuše
Format: Buchkapitel
Sprache:Tschechisch
Schlagworte:
Tags: Tag hinzufügen
Keine Tags, Fügen Sie das erste Tag hinzu!

MARC

LEADER 00000naa a2200000 4500
001 r004380
005 20221125080031.6
041 0 |a cze 
044 |a [CS] 
245 1 0 |a Jak zhodnotit kapitál.  |b Rozhovor s RNDr. Jiřím Burešem, vědeckým pracovníkem Ekonomického ústavu ČSAV, může být částečně i návodem jak podnikat ve velké privatizaci.  |c J. Bureš, Libuše Bautzová 
520 |a Využitie teórie a postupov investičného managementu v podnikateľskej a investičnej aktivite v procese privatizácie, ako postupovať pri tvorbe podnikateľského zámeru, ako optimálne investovať. Základné prístupy teórie investičného managementu, ktoré možno využiť ako myšlienkové schémy: čistý prevedený výnos, index rentability, vnútorná miera výnosu, diskontovaná doba splatnosti a výnosy vloženého kapitálu. 
610 2 0 |a privatizácia 
610 2 0 |a manažment 
610 2 0 |a investície 
610 2 0 |a kapitál 
100 1 |a Bureš, J. 
700 1 |a Bautzová, Libuše